01694cam a2200385 i 450000100090000000300090000900500170001800800410003502000180007604000420009404300300013608200190016610000450018524500970023026400810032726400100040830000450041833600260046333700280048933800270051750000240054450400520056850501720062065000460079265000510083865000370088965100590092665100640098565100710104965300210112065500170114194200120115899900170117095201210118717715602EG-ScBUE20240402094011.0130424t2013 caua f bd 001 0 eng d a9780804785730 aCSt/DLCbengerdacCStdDLCdEG-ScBUE aa-ba---aa-su---aar-----04222a953.6bMAT1 aMatthiesen, Toby,d1984-eauthor.94047910aSectarian gulf :bBahrain, Saudi Arabia, and the Arab Spring that wasn't /cToby Matthiesen. 1aStanford, California :bStanford Briefs / Stanford University Press,c[2013] 4cc2013 axiv, 192 pages :billustrations ;c21 cm 2rdacontentatextbtxt aunmediated2rdamediabn avolumebnc2rdacarrier aIncludes glossary.  aIncludes bibliographical references and index. 0 aOil, God, and pearls -- The great sectarian game -- Pearl roundabout -- Counter-revolution -- A Saudi achilles heel -- The orange movement -- Arab springs, Arab falls. 7aProtest movementszBahrain.2BUEsh940480 7aProtest movementszSaudi Arabia.2BUEsh940481 7aArab Spring, 2010-2BUEsh938992 0aBahrainxPolitics and governmenty21st century.2BUEsh 0aSaudi ArabiaxPolitics and governmenty21st century.2BUEsh 0aPersian Gulf StatesxPolitics and governmenty21st century.2BUEsh bLLAAWWcJuly2016 vReading book 2ddccBB c22045d22017 00102ddc40708Donation-GaMAINbMAINc2NDd2016-07-27eDonationl0o953.6 MATp000033001r2025-07-15 00:00:00yBB